[Event "WCO 2016"]
[Site "?"]
[Date "2016.09.13"]
[Round "11"]
[Board "32"]
[WhiteID "6500072"]
[White "Chinchilla Miranda Eugenio"]
[BlackID "6100406"]
[Black "Bravo William"]
[Result "0-1"]
[BlackElo "2194"]
[WhiteElo "2214"]
[LiveChessVersion "1.4.8"]

1. d4 {[%clk 1:30:55]} Nf6 {[%clk 1:30:57]} 2. c4 {[%clk 1:31:12]} g6
{[%clk 1:31:20]} 3. Nc3 {[%clk 1:31:24]} Bg7 {[%clk 1:31:44]} 4. e4
{[%clk 1:31:43]} d6 {[%clk 1:32:08]} 5. Nf3 {[%clk 1:31:53]} O-O {[%clk 1:32:30]}
6. Be2 {[%clk 1:32:12]} e5 {[%clk 1:32:47]} 7. O-O {[%clk 1:32:22]} Nc6
{[%clk 1:32:47]} 8. Be3 {[%clk 1:32:37]} Nxd4 {[%clk 1:29:59]} 9. Nxd4
{[%clk 1:32:45]} exd4 {[%clk 1:30:26]} 10. Bxd4 {[%clk 1:32:44]} Re8
{[%clk 1:30:48]} 11. f3 {[%clk 1:30:46]} Bd7 {[%clk 1:27:11]} 12. Qd2
{[%clk 1:29:35]} a5 {[%clk 1:25:13]} 13. Rad1 {[%clk 1:27:46]} Bc6
{[%clk 1:25:25]} 14. Rfe1 {[%clk 1:21:16]} Nd7 {[%clk 1:09:59]} 15. Bf1
{[%clk 1:19:55]} Bxd4+ {[%clk 1:09:26]} 16. Qxd4 {[%clk 1:19:34]} Qg5
{[%clk 1:04:20]} 17. Kh1 {[%clk 1:09:01]} Re7 {[%clk 0:45:35]} 18. Re2
{[%clk 1:02:55]} Rae8 {[%clk 0:43:34]} 19. Red2 {[%clk 1:00:31]} Qc5
{[%clk 0:37:46]} 20. Ne2 {[%clk 0:58:21]} b6 {[%clk 0:32:48]} 21. b3
{[%clk 0:54:40]} Qg5 {[%clk 0:32:52]} 22. Qf2 {[%clk 0:48:45]} Nc5
{[%clk 0:29:19]} 23. Nc3 {[%clk 0:48:36]} Qf4 {[%clk 0:26:54]} 24. Kg1
{[%clk 0:40:35]} Qf6 {[%clk 0:15:19]} 25. Qd4 {[%clk 0:37:55]} Qg5
{[%clk 0:14:28]} 26. Qf2 {[%clk 0:31:50]} Qf6 {[%clk 0:13:07]} 27. Qd4
{[%clk 0:31:11]} Qg5 {[%clk 0:13:32]} 28. g3 {[%clk 0:28:26]} Ne6
{[%clk 0:07:49]} 29. Qf2 {[%clk 0:28:03]} Nc5 {[%clk 0:07:17]} 30. Bg2
{[%clk 0:25:00]} f5 {[%clk 0:06:02]} 31. exf5 {[%clk 0:09:11]} Qxf5
{[%clk 0:06:30]} 32. Nd5 {[%clk 0:08:50]} Bxd5 {[%clk 0:06:21]} 33. Rxd5
{[%clk 0:08:52]} Qf6 {[%clk 0:06:03]} 34. R5d2 {[%clk 0:08:15]} Qc3
{[%clk 0:05:59]} 35. h4 {[%clk 0:05:43]} Re3 {[%clk 0:06:07]} 36. Rc2
{[%clk 0:05:06]} Qf6 {[%clk 0:06:01]} 37. f4 {[%clk 0:03:58]} Nd3
{[%clk 0:05:30]} 38. Bd5+ {[%clk 0:01:46]} Kg7 {[%clk 0:05:56]} 39. Qh2
{[%clk 0:00:33]} Re1+ {[%clk 0:04:40]} 40. Rxe1 {[%clk 0:30:53]} Rxe1+
{[%clk 0:35:08]} 41. Kg2 {[%clk 0:31:02]} Rd1 {[%clk 0:16:27]} 42. Re2
{[%clk 0:04:59]} Ne1+ {[%clk 0:16:41]} 43. Rxe1 {[%clk 0:03:19]} Qb2+
{[%clk 0:16:04]} 44. Kh3 {[%clk 0:03:22]} Qxh2+ {[%clk 0:16:25]} 45. Kxh2
{[%clk 0:03:48]} Rxe1 {[%clk 0:16:54]} 0-1

[Event "WCO 2016"]
[Site "?"]
[Date "2016.09.13"]
[Round "11"]
[Board "33"]
[WhiteID "13800337"]
[White "Abdyjapar Asyl"]
[BlackID "503142"]
[Black "Nyback Tomi"]
[Result "0-1"]
[BlackElo "2580"]
[WhiteElo "2390"]
[LiveChessVersion "1.4.8"]

1. d4 {[%clk 1:30:57]} Nf6 {[%clk 1:30:56]} 2. c4 {[%clk 1:31:22]} g6
{[%clk 1:31:22]} 3. Nc3 {[%clk 1:31:49]} d5 {[%clk 1:31:47]} 4. e3
{[%clk 1:32:13]} Bg7 {[%clk 1:30:18]} 5. Qb3 {[%clk 1:32:39]} c6 {[%clk 1:23:28]}
6. Nf3 {[%clk 1:32:30]} O-O {[%clk 1:23:48]} 7. Bd3 {[%clk 1:32:51]} a6
{[%clk 1:00:33]} 8. O-O {[%clk 1:29:44]} dxc4 {[%clk 1:00:44]} 9. Bxc4
{[%clk 1:30:06]} b5 {[%clk 1:01:08]} 10. Be2 {[%clk 1:30:24]} Bf5
{[%clk 1:00:31]} 11. a4 {[%clk 1:21:41]} Nbd7 {[%clk 1:00:05]} 12. Bd2
{[%clk 1:19:03]} Qb8 {[%clk 0:48:38]} 13. axb5 {[%clk 1:16:03]} axb5
{[%clk 0:49:00]} 14. Rxa8 {[%clk 1:10:44]} Qxa8 {[%clk 0:49:24]} 15. Ng5
{[%clk 1:05:30]} e5 {[%clk 0:32:58]} 16. e4 {[%clk 0:56:25]} Bg4 {[%clk 0:32:19]}
17. Bxg4 {[%clk 0:53:47]} Nxg4 {[%clk 0:31:57]} 18. d5 {[%clk 0:51:57]} Ngf6
{[%clk 0:31:36]} 19. Be3 {[%clk 0:47:18]} h6 {[%clk 0:27:09]} 20. Ne6
{[%clk 0:33:50]} fxe6 {[%clk 0:19:59]} 21. dxe6 {[%clk 0:34:18]} Nb8
{[%clk 0:19:36]} 22. f4 {[%clk 0:29:09]} Re8 {[%clk 0:14:42]} 23. fxe5
{[%clk 0:15:11]} Ng4 {[%clk 0:14:57]} 24. e7+ {[%clk 0:12:17]} Kh7
{[%clk 0:13:24]} 25. Qe6 {[%clk 0:08:09]} Nxe3 {[%clk 0:10:45]} 26. Rf7
{[%clk 0:07:42]} Ng4 {[%clk 0:09:59]} 27. Qxg4 {[%clk 0:07:36]} Qa7+
{[%clk 0:10:22]} 28. Kf1 {[%clk 0:06:49]} Rxe7 {[%clk 0:10:25]} 29. Rf6
{[%clk 0:07:11]} Qa1+ {[%clk 0:10:13]} 30. Nd1 {[%clk 0:07:26]} Bxf6
{[%clk 0:10:06]} 31. exf6 {[%clk 0:07:54]} Rd7 {[%clk 0:10:25]} 0-1

[Event "WCO 2016"]
[Site "?"]
[Date "2016.09.13"]
[Round "11"]
[Board "34"]
[WhiteID "502081"]
[White "Karttunen Mika"]
[BlackID "13800698"]
[Black "Markov Mikhail"]
[Result "1-0"]
[BlackElo "2433"]
[WhiteElo "2458"]
[LiveChessVersion "1.4.8"]

1. e4 {[%clk 1:30:56]} c5 {[%clk 1:30:40]} 2. Nf3 {[%clk 1:31:16]} e6
{[%clk 1:30:56]} 3. d4 {[%clk 1:31:34]} cxd4 {[%clk 1:31:21]} 4. Nxd4
{[%clk 1:31:49]} Nf6 {[%clk 1:31:35]} 5. Nc3 {[%clk 1:30:54]} d6 {[%clk 1:31:38]}
6. h3 {[%clk 1:26:42]} a6 {[%clk 1:31:21]} 7. g4 {[%clk 1:26:57]} b5
{[%clk 1:30:56]} 8. Bg2 {[%clk 1:25:30]} Bb7 {[%clk 1:31:19]} 9. g5
{[%clk 1:24:31]} b4 {[%clk 1:20:27]} 10. gxf6 {[%clk 1:15:48]} bxc3
{[%clk 1:14:30]} 11. fxg7 {[%clk 1:15:42]} Bxg7 {[%clk 1:14:50]} 12. bxc3
{[%clk 1:15:36]} Qc7 {[%clk 1:15:09]} 13. O-O {[%clk 0:59:36]} Rg8
{[%clk 1:11:31]} 14. Rb1 {[%clk 0:49:32]} Be5 {[%clk 0:59:54]} 15. Qe2
{[%clk 0:38:46]} Nd7 {[%clk 0:48:01]} 16. f4 {[%clk 0:33:11]} Bf6
{[%clk 0:37:02]} 17. Kh1 {[%clk 0:30:20]} Nc5 {[%clk 0:34:14]} 18. Rxb7
{[%clk 0:24:53]} Qxb7 {[%clk 0:28:26]} 19. Bf3 {[%clk 0:25:05]} Rg3
{[%clk 0:25:04]} 20. e5 {[%clk 0:24:53]} Rxh3+ {[%clk 0:25:24]} 21. Kg2
{[%clk 0:25:18]} Rxf3 {[%clk 0:25:50]} 22. Nxf3 {[%clk 0:24:55]} Be7
{[%clk 0:25:58]} 23. Rh1 {[%clk 0:21:52]} O-O-O {[%clk 0:24:48]} 24. Rxh7
{[%clk 0:22:17]} Rg8+ {[%clk 0:18:14]} 25. Kh2 {[%clk 0:22:43]} Ne4
{[%clk 0:18:05]} 26. Ba3 {[%clk 0:21:13]} Kb8 {[%clk 0:15:47]} 27. exd6
{[%clk 0:19:12]} Bxd6 {[%clk 0:09:59]} 28. Bxd6+ {[%clk 0:19:34]} Nxd6
{[%clk 0:10:25]} 29. Ng5 {[%clk 0:18:03]} Qd5 {[%clk 0:08:11]} 30. Qd3
{[%clk 0:16:59]} Qc6 {[%clk 0:06:54]} 31. Qd4 {[%clk 0:16:56]} Ka8
{[%clk 0:07:02]} 32. Rh8 {[%clk 0:16:28]} Rxh8+ {[%clk 0:07:15]} 33. Qxh8+
{[%clk 0:16:54]} Kb7 {[%clk 0:07:39]} 34. Qd4 {[%clk 0:11:42]} a5
{[%clk 0:06:56]} 35. c4 {[%clk 0:11:15]} Qc7 {[%clk 0:04:29]} 36. c5
{[%clk 0:08:46]} Nf5 {[%clk 0:04:32]} 37. Qc4 {[%clk 0:08:51]} Ka7 38. c3
{[%clk 0:05:58]} f6 {[%clk 0:03:10]} 39. Nh3 {[%clk 0:02:58]} Qc6
{[%clk 0:02:33]} 40. Qe2 {[%clk 0:32:38]} a4 {[%clk 0:30:57]} 41. Qf2
{[%clk 0:26:32]} Kb7 {[%clk 0:28:47]} 42. Ng1 {[%clk 0:17:21]} Qe4
{[%clk 0:26:38]} 43. Ne2 {[%clk 0:13:38]} Ne3 {[%clk 0:26:08]} 44. Kg3
{[%clk 0:12:48]} Kc7 {[%clk 0:20:29]} 45. Nd4 {[%clk 0:10:24]} e5
{[%clk 0:18:50]} 46. fxe5 {[%clk 0:08:36]} Qg4+ {[%clk 0:11:32]} 47. Kh2
{[%clk 0:09:01]} Qh5+ {[%clk 0:11:56]} 48. Kg3 {[%clk 0:09:19]} Qxe5+
{[%clk 0:09:51]} 49. Kf3 {[%clk 0:08:31]} Nd5 {[%clk 0:09:40]} 50. Qd2
{[%clk 0:03:52]} Ne7 {[%clk 0:03:47]} 51. c4 {[%clk 0:03:21]} Nf5
{[%clk 0:02:54]} 52. Qa5+ {[%clk 0:03:28]} Kc8 {[%clk 0:01:53]} 53. Qa8+
{[%clk 0:02:42]} Kc7 {[%clk 0:01:31]} 54. Nb5+ {[%clk 0:02:47]} Kd7
{[%clk 0:01:58]} 55. Qd5+ {[%clk 0:02:16]} Qxd5+ {[%clk 0:01:06]} 56. cxd5
{[%clk 0:02:41]} Ne7 {[%clk 0:01:20]} 57. Ke4 {[%clk 0:03:06]} f5+
{[%clk 0:01:39]} 58. Ke5 {[%clk 0:03:31]} f4 {[%clk 0:02:04]} 59. Nd4
{[%clk 0:03:36]} a3 {[%clk 0:01:05]} 60. c6+ {[%clk 0:02:54]} Ke8
{[%clk 0:01:12]} 1-0

[Event "WCO 2016"]
[Site "?"]
[Date "2016.09.13"]
[Round "11"]
[Board "35"]
[WhiteID "13800574"]
[White "Tologontegin Semetey"]
[BlackID "505170"]
[Black "Ebeling Daniel"]
[Result "1-0"]
[BlackElo "2468"]
[WhiteElo "2350"]
[LiveChessVersion "1.4.8"]

1. d4 {[%clk 1:30:57]} Nf6 {[%clk 1:30:56]} 2. Nc3 {[%clk 1:31:20]} d5
{[%clk 1:31:18]} 3. Bf4 {[%clk 1:31:46]} Bf5 {[%clk 1:26:24]} 4. f3
{[%clk 1:31:43]} e6 {[%clk 1:07:47]} 5. g4 {[%clk 1:31:50]} Bg6 {[%clk 1:08:12]}
6. h4 {[%clk 1:32:12]} h6 {[%clk 1:08:02]} 7. h5 {[%clk 1:32:24]} Bh7
{[%clk 1:08:17]} 8. e3 {[%clk 1:32:45]} Bd6 {[%clk 1:05:04]} 9. Bd3
{[%clk 1:31:11]} Bxf4 {[%clk 0:52:41]} 10. exf4 {[%clk 1:31:32]} Bxd3
{[%clk 0:47:47]} 11. Qxd3 {[%clk 1:31:23]} Qd6 {[%clk 0:48:13]} 12. Nge2
{[%clk 1:04:17]} Nbd7 {[%clk 0:48:28]} 13. Qe3 {[%clk 0:58:52]} c5
{[%clk 0:38:03]} 14. dxc5 {[%clk 0:45:24]} Qxc5 {[%clk 0:37:35]} 15. Nd4
{[%clk 0:44:59]} O-O-O {[%clk 0:29:59]} 16. O-O-O {[%clk 0:36:02]} Kb8
{[%clk 0:29:31]} 17. Kb1 {[%clk 0:22:41]} Ka8 {[%clk 0:28:45]} 18. Rd3
{[%clk 0:17:02]} Nb6 {[%clk 0:26:53]} 19. b3 {[%clk 0:16:40]} Nfd7
{[%clk 0:24:17]} 20. Re1 {[%clk 0:12:26]} Rc8 {[%clk 0:23:21]} 21. Nd1
{[%clk 0:11:30]} Qb4 {[%clk 0:14:14]} 22. c3 {[%clk 0:11:39]} Qc5
{[%clk 0:13:02]} 23. Qd2 {[%clk 0:11:37]} Qc7 {[%clk 0:12:48]} 24. Qe3
{[%clk 0:09:24]} Rhe8 {[%clk 0:12:33]} 25. Rd2 {[%clk 0:09:24]} a6
{[%clk 0:11:30]} 26. Rde2 {[%clk 0:09:38]} Nc5 {[%clk 0:10:11]} 27. Qd2
{[%clk 0:09:38]} Nbd7 {[%clk 0:08:58]} 28. Nb2 {[%clk 0:08:25]} Nb8
{[%clk 0:09:22]} 29. f5 {[%clk 0:05:00]} e5 {[%clk 0:09:25]} 30. Nc2
{[%clk 0:05:18]} Rcd8 {[%clk 0:07:31]} 31. b4 {[%clk 0:05:22]} Ncd7
{[%clk 0:07:49]} 32. Qxd5 {[%clk 0:05:04]} Nb6 {[%clk 0:08:14]} 33. Qb3
{[%clk 0:03:57]} Nd5 {[%clk 0:07:48]} 34. c4 {[%clk 0:04:14]} Nf4
{[%clk 0:07:58]} 35. Re4 {[%clk 0:04:05]} Nc6 {[%clk 0:05:54]} 36. b5
{[%clk 0:03:23]} Nb8 {[%clk 0:04:12]} 37. Qa4 {[%clk 0:03:12]} Nd7
{[%clk 0:01:30]} 38. bxa6 {[%clk 0:03:22]} b6 {[%clk 0:00:54]} 39. Qb5
{[%clk 0:02:56]} Ng2 {[%clk 0:00:42]} 40. Qd5+ {[%clk 0:31:26]} Kb8
{[%clk 0:30:32]} 41. Nb4 {[%clk 0:22:55]} Nf6 {[%clk 0:27:40]} 42. a7+
{[%clk 0:19:50]} Kxa7 {[%clk 0:24:27]} 43. Nc6+ {[%clk 0:20:04]} Ka8
{[%clk 0:24:48]} 44. Qb5 {[%clk 0:20:19]} Kb7 {[%clk 0:24:46]} 45. Nxd8+
{[%clk 0:17:13]} Rxd8 {[%clk 0:25:00]} 46. Rxe5 {[%clk 0:14:16]} Nxe1
{[%clk 0:23:46]} 47. Rxe1 {[%clk 0:14:40]} Rd4 {[%clk 0:17:32]} 48. a4
{[%clk 0:13:34]} Ka7 {[%clk 0:16:15]} 49. Re3 {[%clk 0:09:37]} Rd6
{[%clk 0:06:54]} 50. Re5 {[%clk 0:05:00]} Rc6 {[%clk 0:06:10]} 51. a5
{[%clk 0:04:12]} bxa5 {[%clk 0:05:52]} 52. Qxa5+ {[%clk 0:04:35]} Qxa5
{[%clk 0:06:18]} 53. Rxa5+ {[%clk 0:04:58]} Kb6 {[%clk 0:05:37]} 54. Re5
{[%clk 0:05:10]} Rc7 {[%clk 0:04:35]} 55. Kc2 {[%clk 0:05:25]} Kc6
{[%clk 0:04:41]} 56. Kc3 {[%clk 0:05:03]} Ra7 {[%clk 0:04:25]} 57. Nd3
{[%clk 0:04:51]} Nd7 {[%clk 0:03:34]} 58. Re7 {[%clk 0:04:08]} Ra3+
{[%clk 0:04:01]} 59. Kc2 {[%clk 0:01:40]} Nc5 {[%clk 0:00:42]} 60. Nxc5
{[%clk 0:00:57]} Kxc5 {[%clk 0:01:11]} 61. Rxf7 {[%clk 0:01:10]} Kxc4
{[%clk 0:01:14]} 62. f6 {[%clk 0:00:39]} gxf6 {[%clk 0:01:10]} 63. Rxf6
{[%clk 0:01:05]} Ra2+ {[%clk 0:01:28]} 64. Kb1 {[%clk 0:00:44]} Rf2
{[%clk 0:00:59]} 65. Rxh6 {[%clk 0:00:51]} Rxf3 {[%clk 0:01:25]} 66. Rg6
{[%clk 0:01:12]} Rf2 {[%clk 0:00:40]} 67. h6 {[%clk 0:01:31]} Kb3
{[%clk 0:00:33]} 68. Rb6+ {[%clk 0:01:57]} Kc3 {[%clk 0:01:00]} 69. g5
{[%clk 0:01:49]} Rh2 {[%clk 0:01:26]} 70. Rb7 {[%clk 0:01:31]} Rh1+
{[%clk 0:01:17]} 71. Ka2 {[%clk 0:01:57]} Rh2+ {[%clk 0:01:45]} 72. Ka3
{[%clk 0:02:07]} Rh5 {[%clk 0:02:12]} 73. h7 {[%clk 0:02:03]} Rh1
{[%clk 0:01:56]} 74. Rc7+ {[%clk 0:02:22]} Kd4 {[%clk 0:02:24]} 75. g6
{[%clk 0:02:40]} Ke5 {[%clk 0:02:49]} 76. Rc8 {[%clk 0:02:58]} 1-0

[Event "WCO 2016"]
[Site "?"]
[Date "2016.09.13"]
[Round "11"]
[Board "36"]
[WhiteID "501808"]
[White "Luukkonen Tommi"]
[BlackID "13801856"]
[Black "Sezdbekov Ruslan"]
[Result "1/2-1/2"]
[BlackElo "2127"]
[WhiteElo "2354"]
[LiveChessVersion "1.4.8"]

1. d4 {[%clk 1:30:52]} Nf6 {[%clk 1:30:53]} 2. c4 {[%clk 1:31:18]} e6
{[%clk 1:31:14]} 3. Nc3 {[%clk 1:31:41]} d5 {[%clk 1:31:38]} 4. cxd5
{[%clk 1:32:07]} exd5 {[%clk 1:31:37]} 5. Bg5 {[%clk 1:31:37]} Be7
{[%clk 1:31:10]} 6. e3 {[%clk 1:31:47]} O-O {[%clk 1:30:47]} 7. Bd3
{[%clk 1:31:52]} c6 {[%clk 1:29:06]} 8. Qc2 {[%clk 1:28:08]} h6 {[%clk 1:29:14]}
9. Bh4 {[%clk 1:27:36]} Re8 {[%clk 1:28:44]} 10. Nge2 {[%clk 1:26:05]} Ne4
{[%clk 1:19:14]} 11. Bxe7 {[%clk 1:25:14]} Qxe7 {[%clk 1:19:29]} 12. O-O
{[%clk 1:19:17]} Nd7 {[%clk 1:16:51]} 13. Nf4 {[%clk 1:13:19]} Ndf6
{[%clk 1:15:18]} 14. Rfe1 {[%clk 1:04:14]} Bd7 {[%clk 1:14:09]} 15. Rab1
{[%clk 0:59:32]} Rac8 {[%clk 1:03:59]} 16. f3 {[%clk 0:55:27]} Nxc3
{[%clk 1:01:19]} 17. bxc3 {[%clk 0:55:50]} g5 {[%clk 1:00:24]} 18. Nh3
{[%clk 0:55:10]} Bxh3 {[%clk 0:57:59]} 19. gxh3 {[%clk 0:55:33]} c5
{[%clk 0:55:53]} 20. Bf5 {[%clk 0:48:37]} Rc7 {[%clk 0:48:36]} 21. Qd2
{[%clk 0:46:40]} Qd6 {[%clk 0:43:52]} 22. h4 {[%clk 0:45:52]} Nh5
{[%clk 0:36:38]} 23. hxg5 {[%clk 0:38:20]} hxg5 {[%clk 0:36:43]} 24. Qg2
{[%clk 0:38:31]} Qf6 {[%clk 0:36:06]} 25. Qh3 {[%clk 0:37:20]} Ng7
{[%clk 0:31:20]} 26. Bd3 {[%clk 0:36:08]} Ne6 {[%clk 0:28:27]} 27. Kh1
{[%clk 0:35:04]} Kg7 {[%clk 0:25:26]} 28. Qg3 {[%clk 0:31:50]} cxd4
{[%clk 0:19:28]} 29. cxd4 {[%clk 0:32:11]} Rc3 {[%clk 0:18:56]} 30. Bf1
{[%clk 0:32:14]} b6 {[%clk 0:15:57]} 31. Bg2 {[%clk 0:30:29]} Rh8
{[%clk 0:11:59]} 32. Rb5 {[%clk 0:27:20]} Nc7 {[%clk 0:10:12]} 33. Rb3
{[%clk 0:25:34]} Rc2 {[%clk 0:08:04]} 34. a4 {[%clk 0:23:09]} Rh5
{[%clk 0:05:53]} 35. f4 {[%clk 0:20:35]} Ne6 {[%clk 0:04:26]} 36. a5
{[%clk 0:20:21]} Kh7 {[%clk 0:02:59]} 37. f5 {[%clk 0:19:29]} Ng7
{[%clk 0:02:07]} 38. axb6 {[%clk 0:18:37]} axb6 {[%clk 0:02:32]} 39. Rf1
{[%clk 0:18:45]} Rh4 {[%clk 0:01:18]} 40. Qe5 {[%clk 0:46:50]} Qxe5
{[%clk 0:30:35]} 41. dxe5 {[%clk 0:47:13]} Nh5 {[%clk 0:27:17]} 42. e4
{[%clk 0:39:56]} dxe4 {[%clk 0:26:59]} 43. e6 {[%clk 0:40:10]} Kg7
{[%clk 0:21:45]} 44. e7 {[%clk 0:38:39]} Nf6 {[%clk 0:21:56]} 45. Rxb6
{[%clk 0:37:55]} Rh8 {[%clk 0:22:04]} 46. Rb7 {[%clk 0:32:58]} Rc5
{[%clk 0:20:46]} 47. Rd1 {[%clk 0:31:10]} Re8 {[%clk 0:19:14]} 48. h4
{[%clk 0:28:53]} Rxf5 {[%clk 0:16:40]} 49. Bxe4 {[%clk 0:06:46]} Nxe4
{[%clk 0:12:47]} 50. Rd8 {[%clk 0:07:04]} Nf6 {[%clk 0:12:43]} 51. Rxe8
{[%clk 0:07:18]} Nxe8 {[%clk 0:12:53]} 52. Rb8 {[%clk 0:07:42]} Nd6
{[%clk 0:11:44]} 53. hxg5 {[%clk 0:05:55]} Rxg5 {[%clk 0:10:27]} 54. e8=Q
{[%clk 0:06:11]} Nxe8 {[%clk 0:10:47]} 55. Rxe8 {[%clk 0:06:38]} Kf6
{[%clk 0:10:52]} 56. Re2 {[%clk 0:06:40]} Rg4 {[%clk 0:07:14]} 57. Kh2
{[%clk 0:06:37]} Kg5 {[%clk 0:07:10]} 58. Ra2 {[%clk 0:06:03]} f6
{[%clk 0:06:46]} 59. Rb2 {[%clk 0:06:16]} Kf5 {[%clk 0:06:04]} 60. Rb5+
{[%clk 0:06:31]} Kf4 {[%clk 0:05:28]} 61. Rb4+ {[%clk 0:06:53]} Kf3
{[%clk 0:05:29]} 62. Rb3+ {[%clk 0:07:17]} Kf4 {[%clk 0:05:06]} 63. Rb4+
{[%clk 0:07:42]} Kg5 {[%clk 0:05:29]} 64. Rb2 {[%clk 0:07:39]} f5
{[%clk 0:05:53]} 65. Ra2 {[%clk 0:07:55]} Rh4+ {[%clk 0:05:50]} 66. Kg2
{[%clk 0:08:15]} Kg4 {[%clk 0:05:06]} 67. Ra8 {[%clk 0:07:44]} Rh5
{[%clk 0:04:47]} 68. Rg8+ {[%clk 0:07:04]} Kf4 {[%clk 0:04:58]} 69. Ra8
{[%clk 0:07:13]} Rg5+ {[%clk 0:04:48]} 70. Kf2 {[%clk 0:07:33]} Kg4
{[%clk 0:05:12]} 71. Ra4+ {[%clk 0:07:30]} f4 {[%clk 0:05:33]} 72. Ra8
{[%clk 0:07:33]} 1/2-1/2

[Event "WCO 2016"]
[Site "?"]
[Date "2016.09.13"]
[Round "11"]
[Board "33"]
[WhiteID "4901266"]
[White "Munkhgal Gombosuren"]
[BlackID "4403177"]
[Black "Arenas David"]
[Result "0-1"]
[BlackElo "2490"]
[WhiteElo "2446"]
[LiveChessVersion "1.4.8"]

1. d4 {[%clk 1:30:50]} Nf6 {[%clk 1:30:31]} 2. c4 {[%clk 1:31:16]} g6
{[%clk 1:30:54]} 3. Nc3 {[%clk 1:31:43]} Bg7 {[%clk 1:31:14]} 4. Nf3
{[%clk 1:31:48]} d6 {[%clk 1:31:34]} 5. g3 {[%clk 1:32:14]} O-O {[%clk 1:31:50]}
6. Bg2 {[%clk 1:32:42]} Nc6 {[%clk 1:29:42]} 7. O-O {[%clk 1:32:54]} Bf5
{[%clk 1:30:02]} 8. Ne1 {[%clk 1:32:53]} Bd7 {[%clk 1:29:07]} 9. Nc2
{[%clk 1:28:40]} Na5 {[%clk 1:20:26]} 10. b3 {[%clk 1:23:59]} c5 {[%clk 1:20:37]}
11. Bb2 {[%clk 1:15:28]} a6 {[%clk 1:18:59]} 12. dxc5 {[%clk 1:14:16]} dxc5
{[%clk 1:19:22]} 13. Nd5 {[%clk 1:13:12]} Ne8 {[%clk 1:09:10]} 14. Bxg7
{[%clk 1:08:38]} Nxg7 {[%clk 1:09:34]} 15. Qd2 {[%clk 1:07:04]} e6
{[%clk 0:36:29]} 16. Nf6+ {[%clk 0:56:35]} Qxf6 {[%clk 0:36:46]} 17. Qxa5
{[%clk 0:56:42]} Qb2 {[%clk 0:26:07]} 18. Rfc1 {[%clk 0:49:03]} Bc6
{[%clk 0:22:53]} 19. Bxc6 {[%clk 0:48:52]} bxc6 {[%clk 0:23:22]} 20. Qxc5
{[%clk 0:48:52]} Rad8 {[%clk 0:23:48]} 21. Nb4 {[%clk 0:46:27]} Nf5
{[%clk 0:20:48]} 22. Nxc6 {[%clk 0:43:43]} Rd2 {[%clk 0:21:05]} 23. g4
{[%clk 0:23:12]} Nd4 {[%clk 0:16:02]} 24. Nxd4 {[%clk 0:23:21]} Rxd4
{[%clk 0:16:25]} 25. h3 {[%clk 0:23:35]} Rfd8 {[%clk 0:13:56]} 26. Re1
{[%clk 0:23:12]} Rd2 {[%clk 0:08:32]} 27. Qa5 {[%clk 0:20:50]} Qf6
{[%clk 0:07:57]} 28. Qxa6 {[%clk 0:16:38]} Qh4 {[%clk 0:07:00]} 29. Qc6
{[%clk 0:11:59]} Qxh3 {[%clk 0:07:04]} 30. Qf3 {[%clk 0:12:16]} Qh4
{[%clk 0:07:28]} 31. e3 {[%clk 0:11:45]} Rb2 {[%clk 0:05:16]} 32. Re2
{[%clk 0:09:48]} Rxe2 {[%clk 0:03:41]} 33. Qxe2 {[%clk 0:10:16]} f5
{[%clk 0:01:47]} 34. gxf5 {[%clk 0:09:58]} Qg5+ {[%clk 0:01:46]} 35. Kf1
{[%clk 0:10:05]} Qh4 {[%clk 0:02:15]} 36. Qf3 {[%clk 0:09:57]} Rf8
{[%clk 0:02:45]} 37. Rd1 {[%clk 0:08:32]} Rxf5 {[%clk 0:02:55]} 38. Qg2
{[%clk 0:08:47]} Kg7 {[%clk 0:02:19]} 39. Rd7+ {[%clk 0:05:26]} Kh6
{[%clk 0:02:26]} 40. Rd4 {[%clk 0:35:35]} Qh5 {[%clk 0:30:39]} 41. Qg3
{[%clk 0:28:02]} g5 {[%clk 0:28:11]} 42. Qg2 {[%clk 0:25:03]} Qf7
{[%clk 0:25:12]} 43. b4 {[%clk 0:24:20]} Kg6 {[%clk 0:24:35]} 44. b5
{[%clk 0:20:30]} Qa7 {[%clk 0:23:56]} 45. Qe4 {[%clk 0:17:48]} Qxa2
{[%clk 0:23:56]} 46. Qxe6+ {[%clk 0:17:47]} Rf6 {[%clk 0:24:25]} 47. Qe4+
{[%clk 0:18:10]} Kh6 {[%clk 0:24:53]} 48. Qh1+ {[%clk 0:13:46]} Kg6
{[%clk 0:25:17]} 49. Qh2 {[%clk 0:13:01]} h5 {[%clk 0:25:33]} 50. Qg3
{[%clk 0:11:55]} Kh6 {[%clk 0:24:27]} 51. Kg1 {[%clk 0:07:04]} Qb1+
{[%clk 0:23:57]} 52. Kg2 {[%clk 0:06:48]} h4 {[%clk 0:24:26]} 53. Qh2
{[%clk 0:04:22]} Qe1 {[%clk 0:10:06]} 54. Qg1 {[%clk 0:04:48]} h3+
{[%clk 0:10:20]} 55. Kh1 {[%clk 0:05:09]} Qe2 {[%clk 0:10:47]} 56. f4
{[%clk 0:00:40]} Qf3+ {[%clk 0:04:01]} 57. Kh2 {[%clk 0:01:06]} Qe2+
{[%clk 0:04:21]} 58. Kxh3 {[%clk 0:00:36]} Qh5+ {[%clk 0:03:56]} 59. Kg2
{[%clk 0:00:46]} gxf4 {[%clk 0:04:11]} 60. Kf2 {[%clk 0:00:34]} Rg6
{[%clk 0:00:48]} 61. Qf1 {[%clk 0:00:33]} Qh2+ {[%clk 0:00:32]} 62. Kf3
{[%clk 0:00:33]} Qg3+ {[%clk 0:00:49]} 63. Ke4 Qxe3+ {[%clk 0:00:59]} 64. Kd5
{[%clk 0:01:14]} Qe6+ {[%clk 0:01:07]} 65. Kc5 {[%clk 0:01:44]} Qe7+
{[%clk 0:01:36]} 66. Kd5 {[%clk 0:02:04]} Rd6+ {[%clk 0:02:00]} 67. Kc5
{[%clk 0:02:29]} Re6+ {[%clk 0:02:29]} 0-1